01371naa a22003257a 4500001001000000003000900010005001700019007000300036008003400039040005400073041000900127072001500136090001800151100001900169100001800188100001900206100002300225111008900248245005400337246005000391246006800441260004200509500012700551650002600678773012400704909003600828942001400864999001900878952014800897BR8601691BR-BrBNA20240918175645.0ta230509b bl.||||| |||| 00| 0 por d aBR-BrBNAbporcBiblioteca Nacional de Agricultura a(Pt) aA01b/G514 aA01 BR86016911 aDobereiner, J.1 aWilkinson, J.1 aZimmermann, J.1 aLutzemberger, J.A.1 a2. Encontro Brasileiro de Agricultura AlternativacRio de Janeiro, RJ (Brazil)d19851 aPerspectivas da agricultura alternativa no Brasil1 a[Alternative agriculture prospects in Brazil]1 a[Annals of the 2. Brazilian Meeting of Alternative Agriculture]3 aRio de Janeiro, RJ (Brasil): c1985.  aAnais do 2. Encontro Brasileiro de Agricultura Alternativa Rio de Janeiro, RJ (Brasil): 1985. p. 60-101 (BR8601691-AM)A01  aAGRICULTURA BIOLOGICA0 tAnais do 2. Encontro Brasileiro de Agricultura AlternativawA01 BR8601691gRio de Janeiro, RJ (Brasil), 1985. p. 60-101 a202404bLuciac55dLucia Elande cAM2AGRIS c317628d317628 002AGRIS40708Acervo Gerala41918b41918cAgrobasel0oM01 BR9000746r2024-05-20t01yAM10d2024-04-11ePortaria Interministerial nÂș 164/94